000
00345nam a2200145Ia 4500
008
220216s9999 xx 000 0 und d
100
_a
Jacob G.
245
0
_a
Natural rubber import is inevitable
260
_b
Rubber Asia
_c
1997
300
_a
35-38
650
_a
Import
650
_a
Import licence
650
_a
Natural rubber
942
_c
BS
999
_c
51599
_d
51599